Soil Mechanics: laboratory manual

Na minha lista:
Detalhes bibliográficos
Autor principal: Das, Braja M (Author)
Formato: Livro
Idioma:inglês
Publicado em: Nueva York Oxford University Press 2013
Edição:8a. ed
Assuntos:
Tags: Adicionar Tag
Sem tags, seja o primeiro a adicionar uma tag!

MARC

LEADER 00000cam a2200000 a 4500
001 UCF4332
003 CL-VaPUC
008 121130e20130000US |||||||||||||||||eng|d
020 |a 9780199846375 
082 0 4 |a 624.151  |b DAS  |2 21 
100 0 |a Das, Braja M  |e author  |9 565838 
245 1 0 |a Soil Mechanics: laboratory manual 
250 |a 8a. ed 
300 |a 333 p 
942 |c BK 
945 |d 20121130 00:00:00  |a dcastane 
260 |a Nueva York  |b Oxford University Press  |c 2013 
650 7 |a INGENIERIA GEOLOGICA  |2 CL-VaPUC  |9 361301 
650 0 |a Ingeniería civil  |9 260076 
650 7 |a GEOLOGIA APLICADA  |2 CL-VaPUC  |9 262496 
650 0 |a Rocas  |9 266105 
650 0 |a Propiedades mecánicas   |9 262507 
650 0 |a Suelos  |9 260322 
583 |a last modification  |c 20121130 23:21:00  |k Rodrigo Vera 
999 |c 350139  |d 350137 
952 |0 0  |1 0  |4 0  |6 624_151000000000000_DAS_2013  |7 0  |8 A  |9 453331  |a BIBING  |b BIBING  |d 2019-11-22  |i 4928865  |o 624.151 DAS 2013  |p 4928865  |r 2025-01-20  |w 2019-11-22  |y BK  |k CIC